000 00619nam a2200241Ia 4500
003 OSt
005 20220918175128.0
006 a|||||r|||| 00| 0
007 ta
008 220917b |||||||| |||| 00| 0 eng d
024 _a15,817
037 _cTextual
040 _aARTS
_cARTS
_beng
041 _2eng
_aeng
082 _aO:u3:N3, J3.1
100 _aWard A C
_953009
245 0 _aIllustrated history of English literature
260 _c1953
500 _aV.1 Chaucer to Shakespeare
650 _aENGLISH LITERATURE
942 _hO:u3:N3, J3.1
_cTEXL
_2CC
999 _c156213
_d156213